Statistics for Name a Valid Territory of Each Country

Click here to take the quiz!

General Stats

  • This quiz has been taken 60 times
  • The average score is 8 of 10

Answer Stats

Country Territories % Correct
DenmarkFaroe Islands | Greenland
98%
United KingdomAkrotiri and Dhekelia | Anguilla | Bermuda | British Virgin Islands | + 10 more
93%
United StatesAmerican Samoa | Guam | Northern Mariana Islands | Puerto Rico | U.S. Virgin Islands
93%
NetherlandsAruba | Curaçao | Sint Maarten
81%
FranceFrench Polynesia | New Caledonia | Saint Barthélemy | Saint Martin | + 2 more
78%
ChinaHong Kong | Macau
76%
AustraliaChristmas Island | Cocos Islands | Norfolk Island
69%
New ZealandCook Islands | Niue | Tokelau
67%
NorwaySvalbard
59%
FinlandÅland Islands
52%

Score Distribution

Percentile by Number Answered

Percent of People with Each Score

Your Score History

You have not taken this quiz